| 000 | 01218nam a2200241 a 4500 | ||
|---|---|---|---|
| 001 | 000000732 | ||
| 003 | DO-SdBNP | ||
| 005 | 20220406110107.0 | ||
| 008 | 090429s2004 dr a 000 0 spa d | ||
| 040 |
_aDO-SdBNP _bspa _cBNPHU |
||
| 082 | 4 |
_a604.207 _bJ61a _222 |
|
| 100 | 1 |
_aJiménez González, Matilde W. _92496 |
|
| 245 | 1 | 0 |
_aApuntes sobre dibujo técnico : _bpara primer curso de la educación técnica / _cMatilde W. Jiménez González. |
| 260 |
_aSanto Domingo : _bITESA, _c2004. |
||
| 300 |
_a124 p. : _bil. ; _c21 cm. |
||
| 505 | 1 |
_tPresentación -- _gUnidade I. _tFundamentos del dibujo técnico -- _gUnidade 2. _tLos instrumentos y materiales de dibujo. Su empleo -- _tUnidade 3. _tFormatos y líneas normalizados -- _tUnidade 4 Rotulación normalizada -- _gUnidade 5. _tGeometría aplicada al dibujo técnico -- _gUnidade 6. _tIntroducción al sistema diédrico. Vistas -- _tApéndice -- _tBibliografía. |
|
| 590 | _aLos dos ejemplares autografiados por el autor | ||
| 650 | 4 |
_aDibujo técnico _xEnseñanza _92497 |
|
| 650 | 4 |
_aDibujo _xAparatos e instrumentos _92498 |
|
| 650 | 4 |
_aDibujo geométrico _xEnseñanza _92499 |
|
| 710 | 2 |
_aInstituto Técnico Salesiano ITESA (República Dominicana) _92500 |
|
| 942 |
_2ddc _cLBS1 |
||
| 999 |
_c728 _d728 |
||